MARC

LEADER 00000nas a2200000 a 4500
001 ssj0000613738
003 WaSeSS
005 20200512172242.0
006 m d
007 cr n
008 960516c19959999rm fr p s 0 0rum c
010 |a sn 96044303  
016 7 |a 011899415  |2 Uk 
016 |a (AMICUS)000016183651 
022 |l 1224-0184  |y 1224-0184 
035 |a (WaSeSS)ssj0000613738 
040 |a NYP  |b eng  |c NYP  |d HLS  |d IUL  |d SYS  |d OCLCQ  |d WAU  |d HLS  |d OCL  |d UKMGB  |d OCLCQ  |d OCLCF  |d NLC  |d OCLCQ  |d OCLCA  |d WaSeSS 
041 0 |a rum  |b eng  |f eng 
042 |a pcc 
043 |a e-rm--- 
050 1 4 |a Z840.A3  |b B53 
082 0 4 |a 027.5498  |2 21 
210 0 |a Rev. Bibl. Natl. 
222 0 |a Revista Bibliotecii Naționale 
245 0 0 |a Revista Bibliotecii Naționale  |h [electronic resource]. 
246 1 |i Vols. for <1999-> have title:  |a Revista Bibliotecii Naționale a României 
246 1 3 |a National library review 
260 |a București :  |b Biblioteca Națională a României,  |c 1995- 
310 |a Semiannual 
362 0 |a Anul 1, nr. 1 (1995)- 
500 |a Title from cover. 
506 |a License restrictions may limit access. 
546 |a Title, abstracts, and table of contents also in English. 
588 |a Latest issue consulted: Anul 10, nr. 1 (2004). 
610 2 0 |a Biblioteca Națională a României  |v Periodicals. 
610 2 7 |a Biblioteca Națională a României.  |2 fast  |0 (OCoLC)fst00677090 
610 2 6 |a Biblioteca Națională a României  |v Périodiques. 
650 0 |a Library science  |z Romania  |v Periodicals. 
650 7 |a Library science.  |2 fast  |0 (OCoLC)fst00997916 
650 6 |a Bibliothéconomie  |z Roumanie  |v Périodiques. 
651 7 |a Romania.  |2 fast  |0 (OCoLC)fst01205085 
655 0 |a Electronic journals. 
710 2 |a Biblioteca Națională a României. 
850 |a InU  |a NN 
853 0 0 |8 1  |a anul  |b nr.  |i (year) 
856 4 0 |z Full text available from Research Library: 01/01/2009 to 01/31/2015  |u https://search.proquest.com/publication/105849 
863 4 0 |8 1  |a <1>-  |i <1995>-  |x provisional